Banková sústava SR

Guardado en:
Detalles Bibliográficos
Autor principal: Poláková, Erika
Formato: Software Libro
Lenguaje:eslovaco
Publicado: Bratislava STU FCHPT 2012
Acceso en línea:Ver en el OPAC
Etiquetas: Agregar Etiqueta
Sin Etiquetas, Sea el primero en etiquetar este registro!

MARC

LEADER 00000nam a2200000 a 4500
005 20260127133942.0
007 co ugu
008 121002 2012 xo 000 0 slo d
035 |a vtls010455215 
039 9 |y 201210021250  |z mschk03 
040 |a STUSCHK1  |b slo  |c STUSCHK1  |e AACR2 
100 1 |a Poláková, Erika 
245 1 |a Banková sústava SR  |c Erika Poláková 
260 |a Bratislava  |b STU FCHPT  |c 2012 
300 |a 1 elektronický disk 
500 |a Obháj.: 10.7. 2012 
500 |a Študijný program: automatizácia, informatizácia a manažment v chémii a potravinárstve 
500 |a Študijný odbor: 5.2.14 automatizácia, 5.2.52 priemyselné inžinierstvo 
500 |a Bakalárska práca na CD-ROMe 
500 |a FCHPT, Oddelenie manažmentu chemických a potravinárskych technológií 
500 |a Evidenčné číslo: 5415-58723 
910 |a SCHK95 
999 |c 753  |d 753